| 000 | 00769nam a2200241 a 4500 | ||
|---|---|---|---|
| 001 | BRL_706 | ||
| 005 | 20190320210848.0 | ||
| 008 | 270913s1952----mx-#######---#000-1#spa-# | ||
| 041 | _aspa | ||
| 044 | _amx | ||
| 050 | 4 |
_aPT2617.E85 _b.H47 1952 |
|
| 100 | 1 |
_aHesse, Hermann _d1877-1962 _924696 |
|
| 245 | 1 | 0 |
_aDemian _bhistoria de la juventud de Emilio Sinclair _cHermann Hesse ; traducción del alemán por Luis López Ballesteros y de Torres. |
| 250 | _a3a ed. | ||
| 260 |
_aMéxico _bCia. General de Ediciones, S.A. México _c1952 |
||
| 300 |
_a216 p. _c20 cm. |
||
| 500 | _aAu769 | ||
| 500 | _aEjemplar intonso. | ||
| 650 | 1 | 4 |
_aLiteratura Alemana _vNovela _922844 |
| 700 | 1 |
_aLópez Ballesteros y de Torres, Luis _etr. _924697 |
|
| 902 | _aGRL | ||
| 942 |
_2lcc _cB |
||
| 999 |
_c9518 _d9518 |
||